Cálculo de la estabilidad de bastiones

Gorde:
Xehetasun bibliografikoak
Egile nagusia: Parra Ugalde, Mario, 1954-
Formatua: Ezezaguna
Argitaratua: [San José , Costa Rica] 1978
Gaiak:
Etiketak: Etiketa erantsi
Etiketarik gabe, Izan zaitez lehena erregistro honi etiketa jartzen!

MARC

LEADER 00000 a2200000 4500
003 000401
005 20240820113902.0
008 140114s1978 c a m 000 ||s d
040 |c cru CEDI 
090 |a TFG 775 
100 |a Parra Ugalde, Mario, 1954-  |9 3562 
245 |a Cálculo de la estabilidad de bastiones 
260 |a [San José , Costa Rica]  |c 1978 
300 |a  41 hojas : ilustraciones ; 28 cm  
500 |a Proyecto (ingeniero civil)--Universidad de Costa Rica.  
501 |a Director de Proyecto de Graduación: Ing. Fernando Chavarría 
650 |x PUENTES - DISEÑO  |9 16381 
942 |c TFG  |h TFG 775  |i 000401  |6 TFG_775_000401000000000 
999 |c 11065  |d 11065